2024 Summer Olympics Trivia - Statistics

General Stats
  • This quiz has been taken 175 times
  • The average score is 12 of 20
Answer Stats
Clue Answer % Correct
(Name one) Countries with the most gold medals China, United States
99%
Host city Paris
99%
Country with the most medals United States
99%
(Name one) Countries that were banned from participating Belarus, Russia
75%
Sport debuted in these games Breaking
72%
Next host city Los Angeles
70%
(Name one) Countries that won their first-ever gold medals Botswana, Dominica, Guatemala, Saint Lucia
69%
Sport held farthest from the host city (hint: in Tahiti) Surfing
67%
Percent of female athletes in these games 50
63%
(Name one) Countries that won their first-ever medals Albania, Cape Verde, Dominica, Saint Lucia
63%
(Name one) Countries that won all the gold medals in a particular sport China, Netherlands, South Korea
61%
Venue for the parade of nations (hint: it's a body of water) Seine River
61%
Sport with the most athletes (hint: answer in the clue) Athletics
59%
Last country in the parade of nations during the opening ceremonies France
59%
Country that achieved a podium sweep (i.e., win gold, silver, and bronze in a single event) France
54%
First country in the parade of nations during the opening ceremonies Greece
45%
Country awarded the gold medal in marathon during the closing ceremonies Netherlands
42%
Returning country (did not participate in Tokyo 2020 due to Covid concerns) North Korea
37%
Most populous country without a medal Nigeria
29%
Country with the most medals per capita Grenada
17%
No matching quizzes found
Score Distribution
Percent of People with Each Score
Percentile by Number Answered
Your Score History
You have not taken this quiz